The dynamics of religion : process and movement in Christian churches /

Bibliographic Details
Main Author: Reed, Bruce D.
Format: Book
Language:English
Published: London : Darton, Longman and Todd, 1978.
Subjects:

MARC

Tag First Indicator Second Indicator Subfields
LEADER 00000cam a2200000 i 4500
001 in00000063460
005 20151007083109.0
008 791212s1978 enka b 00110 eng
010 |a  79320793  
015 |a GB79-05526 
020 |a 0232514240 :  |c 3.90 
035 |a (OCoLC)05846830 
035 |9 AAF8852AM 
040 |a DLC  |c DLC  |d TXA  |d UtOrBLW 
049 |a TXAM  |c [1558621] 
050 0 0 |a BT738  |b .R4 
082 0 |a 301.5/8 
100 1 |a Reed, Bruce D. 
245 1 4 |a The dynamics of religion :  |b process and movement in Christian churches /  |c [by] Bruce D. Reed. 
264 1 |a London :  |b Darton, Longman and Todd,  |c 1978. 
300 |a xiii, 235 pages :  |b illustrations ;  |c 22 cm. 
336 |a text  |b txt  |2 rdacontent 
337 |a unmediated  |b n  |2 rdamedia 
338 |a volume  |b nc  |2 rdacarrier 
500 |a Includes index. 
504 |a Bibliography: pages [226]-231. 
650 0 |a Christian sociology. 
650 0 |a Small groups. 
999 |a MARS 
999 f f |s 913b8898-09da-38bb-98c5-d5ee176bfc54  |i 8ae431ec-f2dd-362a-a6dc-804657d39fb8  |t 0 
952 f f |p ric  |a Texas A&M University  |b Rellis Campus  |c Joint Library Facility  |d Remote Storage  |t 0  |e BT738 .R4  |h Library of Congress classification  |i unmediated -- volume  |m A14801794251 
998 f f |a BT738 .R4  |t 0  |l Remote Storage